00919 2200229 4500001002100000005001700021008004100038035002500079040001200104082001500116084002000131100002000151245023300171260005900404300003300463500008700496504002800583650003500611700001300646850001200659990001800671INLIS00000000000855620150803182808.0  a0010-071500000001239 aYOPDYOG 223a530.07 aSK 530.07 Sit H aSITI Nurkhayati aHubungan antara displin belajar fisika fasilitas belajar dan perhatian orang tua dengan prestasi belajar fisika kelas X semester genap SMA Piri 2 kecamatan Mantrijeron kota Yogyakarta tahun pelajaran 2005/2006c/ Siti Nurkhayati aYogyakartabUniversitas Sarjanawiyata Tamansiswac2006 axiii, 74 lembar.c; 29,5 cm. aSkripsi Fakultas Keguruan dan Ilmu Pendidikan Universitas Sarjanawiyata Tamansiswa aBibliografi: hlm. 73-74 aFisika -- Studi dan Pengajaran aHIDAJATI aYOPDYOG a46972-PD/A.15